Burzy už nie sú anachronizmom

Bibliographic Details
Main Author: Fidrmuc, Jaroslav (Author)
Format: Article
Language:Slovak
Subjects:

MARC

LEADER 00000nab a2200000 a 4500
001 vtls000605739
003 SK-MaSNL
005 20260303014119.0
008 160401c1996 xo 0 slo
015 |a SNBRB19rr/mm-uuuuu 
035 |a CL0605878 
040 |a SNKBUCL  |b slo  |c SNKBUCL  |e AACR2 
041 0 |a slo 
044 |a xo  |c SK 
080 |a 336.761(437.6)  |2 1981 
080 |a 339.172(437.6)  |2 1981 
100 1 |a Fidrmuc, Jaroslav  |4 aut  |9 357624 
245 1 0 |a Burzy už nie sú anachronizmom  |c Jaroslav Fidrmuc 
650 0 7 |a burzy  |2 snkbucl  |9 379174 
655 7 |a články z novín a časopisov  |2 snkbucl  |9 267496 
773 0 |t Roľnícke noviny  |g Č. 258 (5. 11. 1996) 
773 0 |t [Príl.] Banky, financie  |g S. 3 
850 |a Slovenská národná knižnica v Martine  |a MTA001 
852 |a SNK  |b KIS3GCP 
958 |a SK 
958 |a RK 
958 |a RBX 
999 |c 1606041  |d 1607971